000
00218nam a22001097a 4500
082
_a
796.83 TAN'B
100
_a
TANVEER, KHAWAJA
_9
75144
245
_a
BOXING
260
_a
LAHORE
_b
FEROZ
300
_a
46P
942
_c
BK
999
_c
580646
_d
580646